Statistics for Countries that End with A

Click here to take the quiz!

General Stats

  • This quiz has been taken 43 times
    (30 since last reset)
  • The average score is 62 of 74

Answer Stats

HintAnswer% Correct
South AmericaArgentina
100%
OceaniaAustralia
100%
EuropeAustria
100%
EuropeAndorra
96%
AsiaArmenia
96%
South AmericaColombia
96%
EuropeAlbania
92%
AfricaAngola
92%
South AmericaBolivia
92%
EuropeBulgaria
92%
North AmericaCanada
92%
AsiaChina
92%
AfricaGuinea
92%
AsiaIndia
92%
AsiaIndonesia
92%
AfricaZambia
92%
AfricaAlgeria
88%
North AmericaCosta Rica
88%
EuropeCroatia
88%
EuropeLatvia
88%
AsiaMongolia
88%
EuropeRomania
88%
AfricaRwanda
88%
North AmericaUnited States of America
88%
South AmericaVenezuela
88%
EuropeBosnia and Herzegovina
85%
AfricaBotswana
85%
North AmericaCuba
85%
North AmericaDominica
85%
AfricaEquatorial Guinea
85%
AfricaEritrea
85%
EuropeEstonia
85%
AfricaGambia
85%
North AmericaGuatemala
85%
AfricaKenya
85%
EuropeLithuania
85%
AsiaSaudi Arabia
85%
EuropeSerbia
85%
EuropeSlovakia
85%
AsiaCambodia
81%
AfricaEthiopia
81%
AfricaGhana
81%
South AmericaGuyana
81%
EuropeMalta
81%
EuropeMoldova
81%
AfricaNamibia
81%
North AmericaNicaragua
81%
AsiaNorth Korea
81%
OceaniaPapua new Guinea
81%
EuropeRussia
81%
EuropeSlovenia
81%
AfricaSomalia
81%
AfricaSouth Africa
81%
AsiaSouth Korea
81%
AfricaTunisia
81%
North AmericaAntigua and Barbuda
77%
AsiaGeorgia
77%
North AmericaJamaica
77%
AfricaLiberia
77%
AsiaMalaysia
77%
AfricaMauritania
77%
North AmericaPanama
77%
OceaniaSamoa
77%
North AmericaGrenada
73%
OceaniaMicronesia
73%
AfricaNigeria
73%
EuropeNorth Macedonia
73%
North AmericaSaint Lucia
73%
AsiaSri Lanka
73%
AfricaTanzania
73%
OceaniaTonga
73%
AfricaUganda
73%
AsiaSyria
69%
AfricaLibya
65%

Score Distribution

Percentile by Number Answered

Percent of People with Each Score

Your Score History

You have not taken this quiz since the last reset